Reglamento de las esposiciones [sic] provinciales y permanentes de la industria
Descripción Física:
30 p. ; 22 cm
MARC
| LEADER | 00000nam a2200000Ia 4500 | ||
|---|---|---|---|
| 001 | 16483 | ||
| 008 | 160829s1864 xx 000 0 cat d | ||
| 080 | |a RF-14-67 | ||
| 100 | |a Casa-Banca de Manuel Gómez |9 48566 | ||
| 245 | |a Reglamento de las esposiciones [sic] provinciales y permanentes de la industria | ||
| 260 | |a Madrid : |b (Imprenta de Francisco Abienzo), |c 1864 | ||
| 300 | |a 30 p. ; |c 22 cm | ||
| 590 | |a Prové de 1401, exp. 22. | ||
| 590 | |a Hi ha un duplicat a la mateixa capsa | ||
| 650 | |a Indústries |x Exposicions |x Normes |x S. XIX |9 48567 | ||
| 856 | 4 | |u https://media.diba.cat/diba/fitxers/arxiu/fulletons/bib_16483_1864_baixa.pdf |y Accés lliure | |
| 856 | 4 | |u https://media.diba.cat/diba/fitxers/arxiu/fulletons/bib_16483_1864_baixa.pdf |y Accés lliure | |
| 901 | |a Arxiu | ||
| 942 | |n 1 |2 udc | ||
| 952 | |0 0 |1 0 |4 0 |6 RF1467 |7 1 |9 54658 |a Arxiu |b Arxiu |d 2016-12-01 |l 0 |o RF-14-67 |p 16483 |r 2016-12-01 00:00:00 |w 2016-12-01 |y ARXIU | ||
| 999 | |c 58527 |d 58527 | ||
| 900 | |a bib_16483_1864_baixa.pdf | ||